Alicia en el país de las maravillas ; (Registro nro. 238916)

Detalles MARC
000 -LEADER
fixed length control field 02636nam a2200589Ii 4500
001 - CONTROL NUMBER
control field DIGAKAL0066
003 - CONTROL NUMBER IDENTIFIER
control field NyNyDIG
008 - FIXED-LENGTH DATA ELEMENTS--GENERAL INFORMATION
fixed length control field 170109t20132003sp a jo 000 f spa d
006 - FIXED-LENGTH DATA ELEMENTS--ADDITIONAL MATERIAL CHARACTERISTICS
fixed length control field m o d
007 - PHYSICAL DESCRIPTION FIXED FIELD--GENERAL INFORMATION
fixed length control field cr |||||||||||
035 ## - SYSTEM CONTROL NUMBER
System control number (OCoLC)968140272
040 ## - CATALOGING SOURCE
Original cataloging agency DGITA
Language of cataloging eng
Description conventions rda
-- pn
Transcribing agency DGITA
020 ## - INTERNATIONAL STANDARD BOOK NUMBER
International Standard Book Number 9788446036098
Qualifying information (eBook ;
-- ePub)
020 ## - INTERNATIONAL STANDARD BOOK NUMBER
International Standard Book Number 8446036096
Qualifying information (eBook ;
-- ePub)
020 ## - INTERNATIONAL STANDARD BOOK NUMBER
Canceled/invalid ISBN 9788446020714
020 ## - INTERNATIONAL STANDARD BOOK NUMBER
Canceled/invalid ISBN 8446020718
041 1# - LANGUAGE CODE
Language code of text/sound track or separate title spa
Language code of original eng
050 #4 - LIBRARY OF CONGRESS CALL NUMBER
Classification number PR4611.A7 ebook
082 04 - DEWEY DECIMAL CLASSIFICATION NUMBER
Classification number 823.8
-- Fic
100 1# - MAIN ENTRY--PERSONAL NAME
Personal name Carroll, Lewis,
Dates associated with a name 1832-1898,
Relator term author.
240 10 - UNIFORM TITLE
Uniform title Novels.
Form subheading Selections.
Language of a work Spanish
Version (Torres Oliver)
245 10 - TITLE STATEMENT
Title Alicia en el país de las maravillas ;
Remainder of title A través del espejo /
Statement of responsibility, etc. Lewis Carroll ; traducción, Francisco Torres Oliver ; ilustraciones, John Tenniel.
264 #1 - PRODUCTION, PUBLICATION, DISTRIBUTION, MANUFACTURE, AND COPYRIGHT NOTICE
Place of production, publication, distribution, manufacture Tres Cantos, Madrid, España :
Name of producer, publisher, distributor, manufacturer Ediciones Akal, S.A.,
Date of production, publication, distribution, manufacture, or copyright notice [2012]
264 #4 - PRODUCTION, PUBLICATION, DISTRIBUTION, MANUFACTURE, AND COPYRIGHT NOTICE
Date of production, publication, distribution, manufacture, or copyright notice ©2003
300 ## - PHYSICAL DESCRIPTION
Extent 1 online resource :
Other physical details illustrations.
336 ## - CONTENT TYPE
Content type term text
Content type code txt
Source rdacontent
337 ## - MEDIA TYPE
Media type term computer
Media type code c
Source rdamedia
338 ## - CARRIER TYPE
Carrier type term online resource
Carrier type code cr
Source rdacarrier
347 ## - DIGITAL FILE CHARACTERISTICS
File type text file
Source rdaft
347 ## - DIGITAL FILE CHARACTERISTICS
Encoding format EPUB
490 1# - SERIES STATEMENT
Series statement Akal Básica de bolsillo ;
Volume/sequential designation 84
520 ## - SUMMARY, ETC.
Summary, etc. By falling down a rabbit hole and stepping through a mirror, Alice experiences unusual adventures with a variety of nonsensical characters.
588 0# - SOURCE OF DESCRIPTION NOTE
Source of description note Online resource; title from ePub title page (Digitalia, viewed January 9, 2017).
600 00 - SUBJECT ADDED ENTRY--PERSONAL NAME
Personal name Alice
Titles and other words associated with a name (Fictitious character from Carroll)
Form subdivision Juvenile fiction.
655 #4 - INDEX TERM--GENRE/FORM
Genre/form data or focus term Electronic books.
655 #7 - INDEX TERM--GENRE/FORM
Genre/form data or focus term Fantasy fiction.
Source of term lcgft
655 #7 - INDEX TERM--GENRE/FORM
Genre/form data or focus term Fiction.
Source of term lcgft
700 1# - ADDED ENTRY--PERSONAL NAME
Personal name Torres Oliver, Francisco,
Relator term translator.
700 1# - ADDED ENTRY--PERSONAL NAME
Personal name Tenniel, John,
Dates associated with a name 1820-1914,
Relator term illustrator.
700 1# - ADDED ENTRY--PERSONAL NAME
Relationship information Translation of:
Personal name Carroll, Lewis,
Dates associated with a name 1832-1898.
Title of a work Alice's adventures in Wonderland.
700 1# - ADDED ENTRY--PERSONAL NAME
Relationship information Translation of:
Personal name Carroll, Lewis,
Dates associated with a name 1832-1898.
Title of a work Through the looking-glass.
700 1# - ADDED ENTRY--PERSONAL NAME
Relationship information Container of (expression):
Personal name Carroll, Lewis,
Dates associated with a name 1832-1898.
Title of a work Alice's adventures in Wonderland.
Language of a work Spanish.
Version (Torres Oliver)
700 12 - ADDED ENTRY--PERSONAL NAME
Relationship information Container of (expression):
Personal name Carroll, Lewis,
Dates associated with a name 1832-1898.
Title of a work Through the looking-glass.
Language of a work Spanish.
Version (Torres Oliver)
791 2# -
-- Digitalia (Firm),
-- distributor.
793 0# -
-- Digitalia eBook Collection:
-- Akal
740 02 - ADDED ENTRY--UNCONTROLLED RELATED/ANALYTICAL TITLE
Uncontrolled related/analytical title A través del espejo.
776 08 - ADDITIONAL PHYSICAL FORM ENTRY
Relationship information Print version:
Main entry heading Carroll, Lewis, 1832-1898.
Title Alicia en el país de las maravillas.
Place, publisher, and date of publication Madrid : Ediciones Akal, 2012
International Standard Book Number 9788446020714
830 #0 - SERIES ADDED ENTRY--UNIFORM TITLE
Uniform title Akal bolsillo ;
Volume/sequential designation 84.
856 40 - ELECTRONIC LOCATION AND ACCESS
Materials specified Digitalia Hispánica
Uniform Resource Identifier <a href="https://www.digitaliapublishing.com/a/27851/">https://www.digitaliapublishing.com/a/27851/</a>
910 ## - USER-OPTION DATA (OCLC)
User-option data Premium Collection: 2019
942 ## - ADDED ENTRY ELEMENTS (KOHA)
Koha item type Recurso Electrónico
Existencias
Withdrawn status Lost status Damaged status Not for loan Collection Home library Current library Date acquired Total checkouts Date last seen Price effective from Koha item type
        Digitalia Ebooks Hispanica Biblioteca Digital UIN Biblioteca Digital UIN 04/25/2025   04/25/2025 04/25/2025 Recurso Electrónico

CONTACTO


NOSOTROS


SITIOS DE INTERES

coordinacion.biblioteca.biblioteca@unienlinea.mx Misión, Visión y Objetivos Bases de datos
Directorio Bibliotecas Digitales y Repositorios
Normatividad Revistas y artículos
Convenios interbibliotecarios
Boletines



Hecho en México. Universidad Insurgentes (UIN). Todos los derechos reservados 2024. Esta página y sus contenidos pueden ser reproducidos con fines no lucrativos, siempre y cuando no se mutile, se cite la fuente completa y su dirección electrónicas. De otra forma requiere permiso previo por escrito de la institución




2024 Copyright Universidad Insurgentes | www.bibliouin.com.mx